书目信息 |
| 题名: |
马克思主义政治学著作选读
|
|
| 作者: | 姚礼明 编 | |
| 分册: | ||
| 出版信息: | 北京 北京大学出版社 2000.04 |
|
| 页数: | 381页 | |
| 开本: | 21cm | |
| 丛书名: | ||
| 单 册: | ||
| 中图分类: | A164 | |
| 科图分类: | ||
| 主题词: | 马列著作--ma lie zhu zuo--政治学--选集 | |
| 电子资源: | ||
| ISBN: | 7-301-04520-4 | |
| 000 | 00778nam0 2200229 450 | |
| 001 | 012007610234 | |
| 005 | 20070622154001.40 | |
| 010 | @a7-301-04520-4@dCNY20.00 | |
| 100 | @a20070411d2000 km y0chiy0120 ea | |
| 101 | 0 | @achi |
| 102 | @aCN@b110000 | |
| 105 | @ay a 000yy | |
| 200 | 1 | @a马克思主义政治学著作选读@Ama ke si zhu yi zheng zhi xue zhu zuo xuan du@f姚礼明编@Fyao li ming bian |
| 210 | @a北京@c北京大学出版社@d2000.04 | |
| 215 | @a381页@d21cm | |
| 320 | @a有书目。 | |
| 330 | @a本书的内容包括:马克思主义在人类思想发展史上的地位、马克思 恩格斯:共产党宣言、法兰西内战、社会主义从空想到科学的发展等。 | |
| 606 | 0 | @a马列著作@Ama lie zhu zuo@x政治学@x选集 |
| 690 | @aA164@v4 | |
| 701 | 0 | @a姚礼明@Ayao li ming@4编 |
| 801 | 0 | @aCN@c20070622 |
| 905 | @dA164@eY362 | |
| 马克思主义政治学著作选读/姚礼明编.-北京:北京大学出版社,2000.04 |
| 381页;21cm |
| ISBN 7-301-04520-4:CNY20.00 |
| 本书的内容包括:马克思主义在人类思想发展史上的地位、马克思 恩格斯:共产党宣言、法兰西内战、社会主义从空想到科学的发展等。 |
| ● |
| 相关链接 |
|
|
|
正题名:马克思主义政治学著作选读
索取号:A164/Y362
 
预约/预借
| 序号 | 登录号 | 条形码 | 馆藏地/架位号 | 状态 | 备注 |
| 1 | 240715 | 202407154 | 社科库509/509社科库 1排2列2层/ [索取号:A164/Y362] | 在馆 | |
| 2 | 240716 | 202407163 | 社科库509/509社科库 1排2列2层/ [索取号:A164/Y362] | 在馆 |